<?xml version="1.0" encoding="UTF-8"?>
<collection xmlns="http://www.loc.gov/MARC21/slim">
  <record>
    <leader>00000nam  2200000   4500</leader>
    <controlfield tag="001">INLIS000000000020735</controlfield>
    <controlfield tag="005">20250804020147</controlfield>
    <datafield tag="035" ind1="#" ind2="#">
      <subfield code="a">0010-0825000013</subfield>
    </datafield>
    <controlfield tag="007">ta</controlfield>
    <controlfield tag="008">250804################|##########|#|##</controlfield>
    <datafield tag="084" ind1="#" ind2="#">
      <subfield code="a">R 0015 PKP 2024</subfield>
    </datafield>
    <datafield tag="100" ind1=" " ind2="#">
      <subfield code="a">Indra Lesmana</subfield>
    </datafield>
    <datafield tag="245" ind1="1" ind2="#">
      <subfield code="a">Kebijakan Tata Kelola Layanan Protokol : Pengembangan SIstem E-Office LKPP /</subfield>
      <subfield code="c">Indra Lesmana</subfield>
    </datafield>
    <datafield tag="260" ind1="#" ind2="#">
      <subfield code="a">Jakarta :</subfield>
      <subfield code="b">Pusbangkom Pimnas dan Manajerial ASN,</subfield>
      <subfield code="c">2024</subfield>
    </datafield>
    <datafield tag="300" ind1="#" ind2="#">
      <subfield code="a">24 hlm. ;</subfield>
      <subfield code="c">30 cm</subfield>
    </datafield>
    <datafield tag="650" ind1="#" ind2="4">
      <subfield code="a">Aplikasi Perkantoran</subfield>
    </datafield>
    <datafield tag="520" ind1="#" ind2="#">
      <subfield code="a">Sebagai Lembaga Pemerintah yang dipimpin oleh Kepala Lembaga setingkat Menteri, Subbagian Protokol LKPP RI memiliki tugas dalam melakukan urusan keprotokolan dan persidangan. Dalam melaksanakan tugasnya tim protokol dituntut untuk mampu melakukan koordinasi dengan stakeholder pimpinan maupun instansi lain. Seiring perubahan tersebut, tim protokol dituntut untuk bisa lebih cepat dalam merespon tugas dan menyediakan kebutuhan pimpinan dengan baik dan tepat. Maka, dari project leader ini membuat suatu gebrakan dalam memperbaiki kebijakan tata kelola layanan protokol serta melakukan pengembangan sistem kerja pada eoffice agar mampu memenuhi berbagai tuntutan pimpinan dalam memberikan layanan protokol yang lebih cepat, responsif dan melayani.</subfield>
    </datafield>
    <datafield tag="990" ind1="#" ind2="#">
      <subfield code="a">2024/1.2.4/A/0015</subfield>
    </datafield>
  </record>
</collection>
